| 000 | 00806cab a2200205 4500 | ||
|---|---|---|---|
| 001 | WB2625-35 | ||
| 008 | 090401t1990 xxu||||| |||| 00| 0 eng d | ||
| 035 | _a(Sirsi) u71309 | ||
| 041 | _aeng | ||
| 245 | _aFuture of public houses under threat | ||
| 260 | _c1990 | ||
| 350 | _a0 | ||
| 490 |
_aPlanning (for the Natural and Built Environment) _vno 874 22/6/90 p7 |
||
| 520 | _aThe Town & Country Planning Use Classes Order is seen as a threat to the public house industry. As A3 buildings they are being changed to A2 for use as office accommodation with little opposition over planning permission. Call for such properties to be reclassed as C1 category. | ||
| 650 | _aPROPERTY SPECULATION | ||
| 650 | _aPUBLIC HOUSES | ||
| 690 | _aPLANNING LAW AND PRACTICE | ||
| 942 | _n0 | ||
| 948 | _c04/03/1997 | ||
| 999 |
_c44937 _d44937 |
||